Longarm and the Star Saloon #422 / Tabor Evans.
Available copies
- 3 of 3 copies available at LARL/NWRL Consortium.
- 3 of 3 copies available at Northwest Regional Library. (Show preferred library)
Current holds
0 current holds with 3 total copies.
Show Only Available Copies
| Location | Call Number / Copy Notes | Barcode | Shelving Location | Status | Due Date |
|---|---|---|---|---|---|
| Godel Memorial-Warren Library | pb EVA (Text) | 35500005269681 | Main | Available | - |
| Greenbush Public Library | pb EVA (Text) | 35500005269699 | Main | Available | - |
| Roseau Public Library | pb (Text) | 35500005255441 | Main | Available | - |
Record details
- ISBN: 9780515154306 (pbk.)
- ISBN: 051515430X (pbk.)
- Physical Description: 187 p. ; 17 cm
- Publisher: New York, New York : Jove Books, 2013.
Search for related items by subject
| Subject: | Longarm (Fictitious character) > Fiction. Bars (Drinking establishments) > Fiction. Brothels > Fiction. |
| Genre: | Western stories. |
Search for related items by series
| LDR | 01370cam a2200337Ia 4500 | ||
|---|---|---|---|
| 001 | 160118 | ||
| 003 | LARL_NWRL_CONSORTIUM | ||
| 005 | 20140102100437.0 | ||
| 008 | 130526s2013 nyu 000 f eng d | ||
| 020 | . | ‡a9780515154306 (pbk.) | |
| 020 | . | ‡a051515430X (pbk.) | |
| 035 | . | ‡a(OCoLC)844729397 | |
| 049 | . | ‡aNRGB | |
| 100 | 1 | . | ‡aEvans, Tabor. ‡0(LARL_NWRL_CONSORTIUM)80392 |
| 245 | 1 | 0. | ‡aLongarm and the Star Saloon ‡n#422 / ‡cTabor Evans. |
| 260 | . | ‡aNew York, New York : ‡bJove Books, ‡c2013. | |
| 300 | . | ‡a187 p. ; ‡c17 cm | |
| 490 | 0 | . | ‡aLongarm ; ‡v422 |
| 650 | 0. | ‡aLongarm (Fictitious character) ‡vFiction. | |
| 650 | 0. | ‡aBars (Drinking establishments) ‡vFiction. ‡0(LARL_NWRL_CONSORTIUM)163646 | |
| 650 | 0. | ‡aBrothels ‡vFiction. | |
| 655 | 7. | ‡aWestern stories. ‡2gsafd | |
| 901 | . | ‡a160118 ‡bOCLC ‡c160118 ‡tbiblio | |

Add to basket
Permalink
Disable Highlighting